| 000 | 00642nam a22002297a 4500 | ||
|---|---|---|---|
| 001 | 57833 | ||
| 005 | 20260615113920.0 | ||
| 008 | 260615s2016 bg |||||||| |||| 00| 0 eng d | ||
| 020 | _a9789848797646 | ||
| 040 |
_aBD-DhIUB _cBD-DhIUB _dBD-DhIUB |
||
| 082 |
_222 _a891.444 _bA2865t |
||
| 100 |
_aAhmed, Humayun _94954 |
||
| 245 |
_aতিন কন্যা / _cহুুমায়ন আহমদ |
||
| 246 | _aTin Konna | ||
| 250 | _a1st ed | ||
| 260 |
_aDhaka: _bAbosar Prokashana sangstha _c2016 |
||
| 300 |
_a316p;. _c24cm |
||
| 526 |
_aLIB _lGEN |
||
| 541 | _aBoi | ||
| 650 | 0 |
_aShort stories, Bengali. _92133 |
|
| 942 |
_2ddc _cBK |
||
| 999 |
_c57833 _d58007 |
||